10 państw europejskich z największą liczbą turystów. - Statystyki

Ogólne statystyki
  • Ten quiz został rozwiązany 182 razy
  • Średni wynik to 9 z 10
Statystyki odpowiedzi
# Przyloty Państwo % Poprawnych
89.4 m Francja
99%
82.8 m Hiszpania
99%
62.1 m Włochy
97%
38.9 m Niemcy
95%
36.3 m Wielka Brytania
95%
19.6 m Polska
92%
30.1 m Grecja
89%
22.8 m Portugalia
88%
24.6 m Rosja
76%
30.8 m Austria
68%
Nie znaleziono quizów pasujących do podanych kryteriów
Rozkład punktacji
Procent ludzi z każdym wynikiem
Percentyl według liczby udzielonych odpowiedzi
Twoja historia wyników
Nie rozwiązałeś tego quizu